湖北省地图点选 Hubei Click Map - Statistics

General Stats
  • This quiz has been taken 23 times
  • The average score is 14 of 17
Answers on the Map
Answers color-coded by a green-red scale on the quiz's map according to % correct below.
 
Answer Stats
Answer % Correct
武汉市
100%
恩施土家族苗族自治州
94%
十堰市
89%
宜昌市
89%
鄂州市
89%
荆门市
89%
荆州市
89%
潜江市
89%
神农架林区
89%
黄石市
83%
襄阳市
83%
黄冈市
83%
孝感市
78%
咸宁市
78%
随州市
78%
仙桃市
72%
天门市
72%
No matching quizzes found
Score Distribution
Percent of People with Each Score
Percentile by Number Answered
Your Score History
You have not taken this quiz